<?xml version="1.0" encoding="UTF-8"?>
<record
    xmlns:xsi="http://www.w3.org/2001/XMLSchema-instance"
    xsi:schemaLocation="http://www.loc.gov/MARC21/slim http://www.loc.gov/standards/marcxml/schema/MARC21slim.xsd"
    xmlns="http://www.loc.gov/MARC21/slim">

  <leader>02116fam a2200325 a 4500</leader>
  <controlfield tag="001">1433375</controlfield>
  <controlfield tag="003">000018</controlfield>
  <controlfield tag="005">20220326193244.0</controlfield>
  <controlfield tag="008">930820s1994    nyua     b    001 0 eng  </controlfield>
  <datafield tag="010" ind1=" " ind2=" ">
    <subfield code="a">   93036230 </subfield>
  </datafield>
  <datafield tag="020" ind1=" " ind2=" ">
    <subfield code="a">0415905915</subfield>
  </datafield>
  <datafield tag="020" ind1=" " ind2=" ">
    <subfield code="a">0415905923 (pbk.)</subfield>
  </datafield>
  <datafield tag="035" ind1=" " ind2=" ">
    <subfield code="a">(OCoLC)28890180</subfield>
  </datafield>
  <datafield tag="035" ind1=" " ind2=" ">
    <subfield code="a">(OCoLC)ocm28890180</subfield>
  </datafield>
  <datafield tag="035" ind1=" " ind2=" ">
    <subfield code="a">(NNC)1433375</subfield>
  </datafield>
  <datafield tag="040" ind1=" " ind2=" ">
    <subfield code="a">DLC</subfield>
    <subfield code="c">DLC</subfield>
    <subfield code="d">NNC</subfield>
  </datafield>
  <datafield tag="050" ind1="0" ind2="0">
    <subfield code="a">NX180.A77</subfield>
    <subfield code="b">S83 1994</subfield>
  </datafield>
  <datafield tag="082" ind1="0" ind2="0">
    <subfield code="a">700.103 </subfield>
    <subfield code="b">B395.s</subfield>
  </datafield>
  <datafield tag="245" ind1="0" ind2="4">
    <subfield code="a">The Subversive imagination :</subfield>
    <subfield code="b">artist, society, and social responsibility /</subfield>
    <subfield code="c">Carol Becker, editor.</subfield>
  </datafield>
  <datafield tag="260" ind1=" " ind2=" ">
    <subfield code="a">New York :</subfield>
    <subfield code="b">Routledge,</subfield>
    <subfield code="c">1994.</subfield>
  </datafield>
  <datafield tag="263" ind1=" " ind2=" ">
    <subfield code="a">9403</subfield>
  </datafield>
  <datafield tag="300" ind1=" " ind2=" ">
    <subfield code="a">xx, 258 p. :</subfield>
    <subfield code="b">ill. ;</subfield>
    <subfield code="c">24 cm.</subfield>
  </datafield>
  <datafield tag="504" ind1=" " ind2=" ">
    <subfield code="a">Includes bibliographical references and index.</subfield>
  </datafield>
  <datafield tag="505" ind1="0" ind2=" ">
    <subfield code="a">Introduction: Presenting the Problem / Carol Becker -- Pt. 1. Personal Responsibility and Political Contingencies. 1. The Prehistory of Art: Cultural Practices and Athenian Democracy / Page duBois. 2. A Plea for Irresponsibility / Ewa Kuryluk. 3. Dead Doll Prophecy / Kathy Acker. 4. The Heuristic Power of Art / Elizam Escobar. 5. Place, Position, Power, Politics / Martha Rosler. 6. The Velvet Revolution and Iron Necessity / Eva Hauser. 7. El Diario de Miranda/Miranda's Diary / Coco Fusco -- Pt. 2. Decolonizing the Imagination. 8. Herbert Marcuse and the Subversive Potential of Art / Carol Becker. 9. East and West - The Twain Do Meet: A Tale of More than Two Worlds / Felipe Ehrenberg. 10. Defining South African Literature for a New Nation / Njabulo S. Ndebele. 11. The Politics of Black Masculinity and the Ghetto in Black Film / Michael Eric Dyson. 12. Adjusting to the World According to Salman Rushdie / Ahmad Sadri -- Pt. 3. Theorizing the Future.</subfield>
  </datafield>
  <datafield tag="505" ind1="0" ind2=" ">
    <subfield code="a">13. Benetton's "World Without Borders": Buying Social Change / Henry A. Giroux. 14. The Free Art Agreement/El Tratado de Libre Cultura / Guillermo Gomez-Pena. 15. Dissed and Disconnected: Notes on Present Ills and Future Dreams / B. Ruby Rich.</subfield>
  </datafield>
  <datafield tag="650" ind1=" " ind2="0">
    <subfield code="a">Artists and community.</subfield>
    <subfield code="9">6</subfield>
  </datafield>
  <datafield tag="650" ind1=" " ind2="0">
    <subfield code="a">Artists</subfield>
    <subfield code="x">Psychology.</subfield>
    <subfield code="9">7</subfield>
  </datafield>
  <datafield tag="700" ind1="1" ind2=" ">
    <subfield code="a">Becker, Carol.</subfield>
    <subfield code="9">8</subfield>
  </datafield>
  <datafield tag="999" ind1=" " ind2=" ">
    <subfield code="c">4</subfield>
    <subfield code="d">4</subfield>
  </datafield>
  <datafield tag="952" ind1=" " ind2=" ">
    <subfield code="0">0</subfield>
    <subfield code="1">0</subfield>
    <subfield code="2">ddc</subfield>
    <subfield code="4">0</subfield>
    <subfield code="7">0</subfield>
    <subfield code="a">LV</subfield>
    <subfield code="b">LV</subfield>
    <subfield code="d">2014-02-06</subfield>
    <subfield code="l">0</subfield>
    <subfield code="o">700.103 B395.s</subfield>
    <subfield code="p">000018</subfield>
    <subfield code="r">2014-02-06 00:00:00</subfield>
    <subfield code="w">2014-02-06</subfield>
    <subfield code="y">01</subfield>
  </datafield>
</record>
